El aprovechamiento forestal y la vulnerabilidad ambiental /

Salvato in:
Dettagli Bibliografici
Autore principale: Sandoval Corea, Rigoberto
Natura: testo
Soggetti:
Tags: Aggiungi Tag
Nessun Tag, puoi essere il primo ad aggiungerne!!

MARC

LEADER 00000 a a2200000 04500
001 7201
003
040
100 |a Sandoval Corea, Rigoberto  
245 |a El aprovechamiento forestal y la vulnerabilidad ambiental /  |c Rigoberto Sandoval Corea 
650 |a DETERIORO AMBIENTAL  
650 |a PLANIFICACION AMBIENTAL  
650 |a DESASTERS NATURALES  
650 |a AMBIENTE RURAL  
650 |a MEDIO URBANO  
650 |a HONDURAS  
773 |g volumen 4, número 12; páginas16-21  
999 |c 22850  |d 22850